00638 a2200193 4500003000400000005001700004008004100021020001500062040000900077082002000086100002900106245004100135250001200176260004900188300001000237942004600247952013400293999001700427OSt20240201113115.0240201b |||||||| |||| 00| 0 eng d a8172047746 coclc a894.8129bMOU/O aMoulavi, K. Moidu910348 aORMAKKURIPPUKAL / cK. Moidu Moulavi a2nd ed. aKozhikode:bIslamic Publishing House,c2001. a221p. 2ddccBKh894.8129iMOU/Ok894.8129mMOU/O 00102ddc40708MEMOIRSaMESbMEScISLd2024-02-01l0o894.8129 MOU/Op45056r2024-02-01 11:34:25v55.00w2024-02-01yBKzGL47R3 c43394d43394